<?xml version="1.0" encoding="UTF-8"?><?xml-stylesheet type="text/xsl" href="static/style.xsl"?><OAI-PMH xmlns="http://www.openarchives.org/OAI/2.0/" xmlns:xsi="http://www.w3.org/2001/XMLSchema-instance" xsi:schemaLocation="http://www.openarchives.org/OAI/2.0/ http://www.openarchives.org/OAI/2.0/OAI-PMH.xsd"><responseDate>2026-04-26T20:21:58Z</responseDate><request verb="GetRecord" identifier="oai:uvadoc.uva.es:10324/7660" metadataPrefix="marc">https://uvadoc.uva.es/oai/request</request><GetRecord><record><header><identifier>oai:uvadoc.uva.es:10324/7660</identifier><datestamp>2025-01-10T10:25:20Z</datestamp><setSpec>com_10324_7492</setSpec><setSpec>com_10324_952</setSpec><setSpec>com_10324_894</setSpec><setSpec>col_10324_7493</setSpec></header><metadata><record xmlns="http://www.loc.gov/MARC21/slim" xmlns:doc="http://www.lyncode.com/xoai" xmlns:xsi="http://www.w3.org/2001/XMLSchema-instance" xmlns:dcterms="http://purl.org/dc/terms/" xsi:schemaLocation="http://www.loc.gov/MARC21/slim http://www.loc.gov/standards/marcxml/schema/MARC21slim.xsd">
<leader>00925njm 22002777a 4500</leader>
<datafield tag="042" ind1=" " ind2=" ">
<subfield code="a">dc</subfield>
</datafield>
<datafield tag="720" ind1=" " ind2=" ">
<subfield code="a">Rodríguez García, Encarna</subfield>
<subfield code="e">author</subfield>
</datafield>
<datafield tag="720" ind1=" " ind2=" ">
<subfield code="a">Ordoñez Alonso, Ángel Cristobal</subfield>
<subfield code="e">author</subfield>
</datafield>
<datafield tag="720" ind1=" " ind2=" ">
<subfield code="a">Bravo Oviedo, Felipe</subfield>
<subfield code="e">author</subfield>
</datafield>
<datafield tag="260" ind1=" " ind2=" ">
<subfield code="c">2011</subfield>
</datafield>
<datafield tag="520" ind1=" " ind2=" ">
<subfield code="a">Shrubs are recognized as important tree regeneration niches. In this study, we experimentally analysed the effects of shrub presence, canopy cover (closed cover and open cover-gaps), and seedling size on Pinus pinaster growth.&#xd;
Objective&#xd;
We expected that (1) seedling–shrub interaction would depend on seedling size and would shift from positive to negative with increasing size; (2) overstorey canopy would affect seedling–shrub interaction, with stronger and positive interactions in gaps, and (3) microsite factors would be affected by vegetation. Social status and plant size appeared to determine the post-shrub-treatment growth response.&#xd;
Results&#xd;
The effect of shrub on seedling growth varied with the canopy cover. Under closed canopy, there was a shift from a positive net effect on smaller seedlings to a negative net effect on mid-size seedlings, and then back to a positive net effect on larger seedling response. Under open canopy, a negative net effect was observed, with no change in the sign of the interaction as seedling size increased. Microenvironmental conditions varied in relation to overstorey and understorey vegetation, while soil conditions varied in relation to overstorey. The seedling–shrub interaction had both positive and negative net effects, which could help define the natural regeneration dynamic of P. pinaster.</subfield>
</datafield>
<datafield tag="024" ind2=" " ind1="8">
<subfield code="a">Annals of Forest Science (2011) 68: 337–346</subfield>
</datafield>
<datafield tag="024" ind2=" " ind1="8">
<subfield code="a">1297-966X</subfield>
</datafield>
<datafield tag="024" ind2=" " ind1="8">
<subfield code="a">http://uvadoc.uva.es/handle/10324/7660</subfield>
</datafield>
<datafield ind1=" " ind2=" " tag="653">
<subfield code="a">Pinos-Crecimiento</subfield>
</datafield>
<datafield tag="245" ind1="0" ind2="0">
<subfield code="a">Effects of shrub and canopy cover on the relative growth rate (RGR) of Pinus pinaster seedlings of different sizes</subfield>
</datafield>
</record></metadata></record></GetRecord></OAI-PMH>